Introductory maternity & pediatric nursing / (Record no. 20132)
[ view plain ]
| 000 -LEADER | |
|---|---|
| fixed length control field | 01120cam a22003135a 4500 |
| 001 - CONTROL NUMBER | |
| control field | 17878923 |
| 005 - DATE AND TIME OF LATEST TRANSACTION | |
| control field | 20150812160950.0 |
| 008 - FIXED-LENGTH DATA ELEMENTS--GENERAL INFORMATION | |
| fixed length control field | 130904t2014 mdua frbd 001 0 eng d |
| 020 ## - INTERNATIONAL STANDARD BOOK NUMBER | |
| International Standard Book Number | 9781451147025 (pbk. : alk. paper) |
| 020 ## - INTERNATIONAL STANDARD BOOK NUMBER | |
| International Standard Book Number | 1451147023 (pbk. : alk. paper) |
| 040 ## - CATALOGING SOURCE | |
| Original cataloging agency | DNLM/DLC |
| Language of cataloging | eng |
| Transcribing agency | DLC |
| Modifying agency | EG-ScBUE |
| 082 04 - DEWEY DECIMAL CLASSIFICATION NUMBER | |
| Classification number | 618.9200231 |
| Item number | HAT |
| Edition number | 22 |
| 100 1# - MAIN ENTRY--PERSONAL NAME | |
| Personal name | Hatfield, Nancy T. |
| 9 (RLIN) | 38314 |
| 245 10 - TITLE STATEMENT | |
| Title | Introductory maternity & pediatric nursing / |
| Statement of responsibility, etc | Nancy T. Hatfield. |
| 246 30 - VARYING FORM OF TITLE | |
| Title proper/short title | Introductory maternity and pediatric nursing |
| 250 ## - EDITION STATEMENT | |
| Edition statement | 3rd ed. |
| 260 ## - PUBLICATION, DISTRIBUTION, ETC. (IMPRINT) | |
| Place of publication, distribution, etc | Baltimore ; |
| -- | Philadelphia : |
| Name of publisher, distributor, etc | Wolters Kluwer/Lippincott Williams & Wilkins Health, |
| Date of publication, distribution, etc | c.2014. |
| 300 ## - PHYSICAL DESCRIPTION | |
| Extent | xxii, 1057 p. : |
| Other physical details | ill. (chiefly col.) ; |
| Dimensions | 28 cm. |
| 490 ## - SERIES STATEMENT | |
| Series statement | Lippincott's practical nursing |
| 500 ## - GENERAL NOTE | |
| General note | Glossary : p. 994-1010. |
| 500 ## - GENERAL NOTE | |
| General note | Index : p.1023-1057. |
| 504 ## - BIBLIOGRAPHY, ETC. NOTE | |
| Bibliography, etc | Bibliography : p.1011-1022. |
| 650 #7 - SUBJECT ADDED ENTRY--TOPICAL TERM | |
| Topical term or geographic name as entry element | Maternity nursing. |
| Source of heading or term | BUEsh |
| 9 (RLIN) | 12162 |
| 650 #7 - SUBJECT ADDED ENTRY--TOPICAL TERM | |
| Topical term or geographic name as entry element | Pediatric nursing. |
| Source of heading or term | BUEsh |
| 9 (RLIN) | 19967 |
| 651 ## - SUBJECT ADDED ENTRY--GEOGRAPHIC NAME | |
| Source of heading or term | BUEsh |
| 653 ## - INDEX TERM--UNCONTROLLED | |
| Resource For college | Nursing |
| Arrived date list | July2015 |
| -- | August2015 |
| 655 ## - INDEX TERM--GENRE/FORM | |
| Form subdivision | |
| -- | 34232 |
| 942 ## - ADDED ENTRY ELEMENTS (KOHA) | |
| Source of classification or shelving scheme | Dewey Decimal Classification |
| Call number prefix | 618.9200231 HAT |
| Withdrawn status | Lost status | Source of classification or shelving scheme | Damaged status | Not for loan | Koha collection | Home library | Current library | Shelving location | Date acquired | Source of acquisition | Cost, normal purchase price | Serial Enumeration / chronology | Total Checkouts | Total Renewals | Full call number | Barcode | Date last seen | Date last borrowed | Cost, replacement price | Koha item type |
|---|---|---|---|---|---|---|---|---|---|---|---|---|---|---|---|---|---|---|---|---|
| Dewey Decimal Classification | Alahram | Central Library | Central Library | First floor | 02/07/2015 | 464.00 | 323 | 10 | 69 | 618.9200231 HAT | 000038804 | 15/07/2025 | 09/09/2020 | 580.00 | Book - Borrowing | |||||
| Dewey Decimal Classification | Alahram | Central Library | Central Library | First floor | 02/07/2015 | 464.00 | 323 | 5 | 51 | 618.9200231 HAT | 000038803 | 12/03/2026 | 29/10/2018 | 580.00 | Book - Borrowing |